000 00983nam a2200277Ia 4500
003 OSt
005 20220925223736.0
006 a|||||r|||| 00| 0
007 ta
008 220923b |||||||| |||| 00| 0 eng d
020 _a9780415780698
_c5973.6300000000001
037 _b11-08448, 08/12/2011, Atlantic Publisher & Distributers
_cGeneral Book
040 _aRTL
_cRTL
_beng
041 _2eng
_aeng
082 _aY9(W).4, Q1
100 _aCanfield Robert L
_9290255
245 0 _aEthnicity, authority and power in Central Asia
_b New games great and small
260 _aLondon
_bRoutledge
_c2011
300 _axv,249p
_ccm.
490 _aCentral Asian Studies Series
500 _aBibliography chapterwise
650 _aSociology
700 _a Rasuly-Paleczek Gabriele
_9290256
942 _hY9(W).4, Q1
_cGB
_2CC
999 _c580292
_d580292